[Event "XXIX Cracovia 2018"]
[Site "Krakow"]
[Date "2018.12.28"]
[Round "2"]
[White "Chmiel, Marcin"]
[Black "Biriukov, Nikolai"]
[Result "0-1"]
[WhiteElo "2247"]
[BlackElo "2365"]
[Annotator "NA"]
[PlyCount "134"]
[EventDate "2018.12.27"]
[EventType "swiss"]
[EventCountry "POL"]
[SourceTitle "playchess.com"]
[Source "ChessBase"]
[SourceQuality "1"]
[TimeControl "40/5400+30:1800+30"]

1. e4 {[%emt 0:00:00]} c5 {[%emt 0:00:00]} 2. Nf3 {[%emt 0:00:08]} a6 {[%emt 0:00:00]} 3. Nc3 {[%emt 0:00:29]} e6 {[%emt 0:00:00]} 4. d4 {[%emt 0:00:08]} cxd4 {[%emt 0:00:00]} 5. Nxd4 {[%emt 0:00:10]} Qc7 {[%emt 0:00:00]} 6. Bd3 {[%emt 0:00:16]} Bd6 {[%emt 0:03:29]} 7. Qg4 {[%emt 0:05:51]} Be5 {[%emt 0:07:04]} 8. Be3 {[%emt 0:03:13]} Nf6 {[%emt 0:00:30]} 9. Qh4 {[%emt 0:01:29]} Nc6 {[%emt 0:01:12]} 10. Nxc6 {[%emt 0:04:06]} Qxc6 {[%emt 0:01:58]} 11. O-O {[%emt 0:02:28]} b5 {[%emt 0:01:45]} 12. f4 {[%emt 0:16:54]} Bxc3 {[%emt 0:03:52]} 13. bxc3 {[%emt 0:00:08]} Nxe4 {[%emt 0:00:53]} 14. Bxe4 {[%emt 0:08:49]} Qxe4 {[%emt 0:00:03]} 15. Bc5 {[%emt 0:01:42]} f6 {[%emt 0:00:11]} 16. Rad1 {[%emt 0:13:37]} Bb7 {[%emt 0:08:09]} 17. Qf2 {[%emt 0:00:38]} Bc6 {[%emt 0:06:16]} 18. f5 {[%emt 0:04:33]} Qxf5 {[%emt 0:09:17]} 19. Qxf5 {[%emt 0:00:15]} exf5 {[%emt 0:00:04]} 20. Rde1+ {[%emt 0:01:28]} Kf7 {[%emt 0:05:17]} 21. Re7+ {[%emt 0:03:00]} Kg6 {[%emt 0:00:08]} 22. Rfe1 {[%emt 0:01:03]} Rhg8 {[%emt 0:01:40]} 23. Bd6 {[%emt 0:05:02]} h6 {[%emt 0:05:22]} 24. R1e3 {[%emt 0:00:31]} Kh7 {[%emt 0:06:56]} 25. a3 {[%emt 0:01:38]} Be4 {[%emt 0:01:35]} 26. Rg3 {[%emt 0:03:20]} Bc6 {[%emt 0:04:31]} 27. Rge3 {[%emt 0:00:56]} Rac8 {[%emt 0:01:19]} 28. h4 {[%emt 0:04:56]} h5 {[%emt 0:08:18]} 29. Kf2 {[%emt 0:02:40]} Kh6 {[%emt 0:01:46]} 30. Rf7 {[%emt 0:02:29]} Rce8 {[%emt 0:00:42]} 31. Rxe8 {[%emt 0:01:37]} Rxe8 {[%emt 0:00:02]} 32. Bf8 {[%emt 0:04:04]} Kh7 {[%emt 0:00:04]} 33. Bc5 {[%emt 0:02:30]} Kg8 {[%emt 0:01:11]} 34. Re7 {[%emt 0:00:10]} Rxe7 {[%emt 0:00:04]} 35. Bxe7 {[%emt 0:00:07]} Kf7 {[%emt 0:00:26]} 36. Bb4 {[%emt 0:01:00]} f4 {[%emt 0:01:39]} 37. g3 {[%emt 0:03:15]} fxg3+ {[%emt 0:02:24]} 38. Kxg3 {[%emt 0:00:02]} g5 {[%emt 0:00:15]} 39. hxg5 {[%emt 0:00:19]} fxg5 {[%emt 0:00:14]} 40. Ba5 {[%emt 0:00:00]} Be4 {[%emt 0:00:00]} 41. c4 {[%emt 0:00:56]} Bxc2 {[%emt 0:00:49]} 42. cxb5 {[%emt 0:00:13]} axb5 {[%emt 0:00:05]} 43. Bd8 {[%emt 0:00:19]} Kg6 {[%emt 0:00:05]} 44. Kf3 {[%emt 0:01:02]} h4 {[%emt 0:00:14]} 45. Be7 {[%emt 0:00:55]} Kh5 {[%emt 0:00:10]} 46. Bd8 {[%emt 0:00:24]} g4+ {[%emt 0:00:16]} 47. Kf4 {[%emt 0:00:09]} Bd1 {[%emt 0:01:13]} 48. Be7 {[%emt 0:00:28]} g3 {[%emt 0:01:55]} 49. Bd8 {[%emt 0:00:35]} Bg4 {[%emt 0:00:43]} 50. Be7 {[%emt 0:00:29]} Be6 {[%emt 0:00:14]} 51. Bd8 {[%emt 0:00:22]} g2 {[%emt 0:00:36]} 52. Bb6 {[%emt 0:00:08]} h3 {[%emt 0:00:21]} 53. Bg1 {[%emt 0:00:44]} Kg6 {[%emt 0:00:09]} 54. Bh2 {[%emt 0:00:38]} Kf6 {[%emt 0:00:11]} 55. Bg1 {[%emt 0:00:19]} Ke7 {[%emt 0:00:46]} 56. Ke5 {[%emt 0:00:31]} d6+ {[%emt 0:01:04]} 57. Ke4 {[%emt 0:00:33]} Kf6 {[%emt 0:00:28]} 58. Kf4 {[%emt 0:00:19]} Bd7 {[%emt 0:00:17]} 59. Bh2 {[%emt 0:00:39]} Ke6 {[%emt 0:00:10]} 60. Ke4 {[%emt 0:02:36]} Bc6+ {[%emt 0:00:10]} 61. Kd4 {[%emt 0:00:26]} Bb7 {[%emt 0:02:09]} 62. Ke3 {[%emt 0:02:43]} Kd5 {[%emt 0:00:15]} 63. Kd3 {[%emt 0:00:19]} Bc8 {[%emt 0:00:11]} 64. Ke3 {[%emt 0:00:31]} Kc4 {[%emt 0:00:10]} 65. Kf2 {[%emt 0:00:16]} d5 {[%emt 0:00:07]} 66. Ke3 {[%emt 0:00:10]} Be6 {[%emt 0:00:22]} 67. Bg1 {[%emt 0:00:15]} Kc3 {[%emt 0:00:30] Kd4+} 0-1

[Event "XXIX Cracovia 2018"]
[Site "Krakow"]
[Date "2018.12.28"]
[Round "2"]
[White "Rakhmangulova, Anastasiya"]
[Black "Paszewski, Mateusz"]
[Result "1/2-1/2"]
[WhiteElo "2233"]
[BlackElo "2342"]
[Annotator "NA"]
[PlyCount "55"]
[EventDate "2018.12.27"]
[EventType "swiss"]
[EventCountry "POL"]
[SourceTitle "playchess.com"]
[Source "ChessBase"]
[SourceQuality "1"]
[TimeControl "40/5400+30:1800+30"]

1. e4 {[%emt 0:00:00]} c5 {[%emt 0:00:00]} 2. Nf3 {[%emt 0:00:00]} Nc6 {[%emt 0:00:00]} 3. d4 {[%emt 0:00:00]} cxd4 {[%emt 0:00:00]} 4. Nxd4 {[%emt 0:00:00]} g6 {[%emt 0:00:03]} 5. Nc3 {[%emt 0:00:00]} Bg7 {[%emt 0:00:03]} 6. Be3 d6 {[%emt 0:02:23]} 7. Qd2 {[%emt 0:00:25]} Nf6 {[%emt 0:02:07]} 8. f3 {[%emt 0:00:05]} O-O {[%emt 0:00:04]} 9. Bc4 {[%emt 0:00:03]} Bd7 {[%emt 0:00:06]} 10. O-O-O {[%emt 0:00:10]} Rc8 {[%emt 0:00:24]} 11. Bb3 {[%emt 0:00:05]} Nxd4 {[%emt 0:00:04]} 12. Bxd4 {[%emt 0:00:04]} b5 {[%emt 0:00:02]} 13. Bxa7 {[%emt 0:08:14]} b4 {[%emt 0:05:23]} 14. Nd5 {[%emt 0:00:08]} Nxd5 {[%emt 0:00:05]} 15. exd5 {[%emt 0:00:07]} Qa5 {[%emt 0:00:07]} 16. Qe3 {[%emt 0:05:29]} Ba4 {[%emt 0:19:32]} 17. Bd4 {[%emt 0:04:19]} Rc7 {[%emt 0:17:51]} 18. Bxg7 {[%emt 0:18:10]} Kxg7 {[%emt 0:00:00]} 19. h4 {[%emt 0:01:42]} Rfc8 {[%emt 0:09:33]} 20. Rd2 {[%emt 0:00:39]} Bxb3 {[%emt 0:00:43]} 21. Qxb3 {[%emt 0:00:06]} Ra8 {[%emt 0:00:08]} 22. Rd4 {[%emt 0:08:44]} Qxa2 {[%emt 0:02:38]} 23. Qxa2 {[%emt 0:00:44]} Rxa2 {[%emt 0:00:03]} 24. Rhd1 {[%emt 0:00:24]} Rc5 {[%emt 0:03:53]} 25. Kb1 {[%emt 0:09:30]} Rca5 {[%emt 0:00:35]} 26. Kc1 {[%emt 0:00:04]} Rc5 {[%emt 0:00:17]} 27. Kb1 {[%emt 0:00:05]} Rca5 {[%emt 0:00:24]} 28. Kc1 {[%emt 0:00:05]} 1/2-1/2

[Event "XXIX Cracovia 2018"]
[Site "Krakow"]
[Date "2018.12.28"]
[Round "2"]
[White "Bukojemski, Adam"]
[Black "Colijn, Stefan"]
[Result "1/2-1/2"]
[WhiteElo "2218"]
[BlackElo "2331"]
[Annotator "NA"]
[PlyCount "83"]
[EventDate "2018.12.27"]
[EventType "swiss"]
[EventCountry "POL"]
[SourceTitle "playchess.com"]
[Source "ChessBase"]
[SourceQuality "1"]
[TimeControl "40/5400+30:1800+30"]

1. e4 d6 2. d4 Nf6 3. Nc3 c6 4. f4 Qa5 5. Bd3 e5 6. Nf3 exd4 7. Nxd4 g6 8. O-O Bg7 9. Kh1 O-O 10. f5 Nbd7 11. Qe1 Re8 12. Qh4 d5 13. fxg6 hxg6 14. exd5 Nxd5 15. Ne4 Nf8 16. Rxf7 Kxf7 17. Nd6+ Kg8 18. Nxe8 Bxd4 19. Bh6 Bxb2 20. Rf1 Bf5 21. Bxf5 Rxe8 22. Qg3 Qc3 23. Be6+ Kh8 24. Rxf8+ Rxf8 25. Qxc3+ Bxc3 26. Bxf8 Bb4 27. Bh6 Bc3 28. h4 Kh7 29. Bc1 Kg7 30. Bc8 b5 31. Bd7 Nb4 32. a3 Nxc2 33. Bxc6 b4 34. axb4 Nxb4 35. Be8 Nd3 36. Be3 a5 37. g4 Ne5 38. g5 Nf3 39. Bf2 Bd2 40. Kg2 Nxg5 41. Bd4+ Kh6 42. hxg5+ 1/2-1/2

[Event "XXIX Cracovia 2018"]
[Site "Krakow"]
[Date "2018.12.28"]
[Round "2"]
[White "Strybuk, Artsiom I"]
[Black "Grela, Kacper"]
[Result "0-1"]
[WhiteElo "2172"]
[BlackElo "2305"]
[Annotator "NA"]
[PlyCount "118"]
[EventDate "2018.12.27"]
[EventType "swiss"]
[EventCountry "POL"]
[SourceTitle "playchess.com"]
[Source "ChessBase"]
[SourceQuality "1"]
[TimeControl "40/5400+30:1800+30"]

1. d4 {[%emt 0:00:00]} Nf6 {[%emt 0:00:00]} 2. c4 {[%emt 0:00:00]} e6 {[%emt 0:00:14]} 3. Nc3 d5 {[%emt 0:00:36]} 4. Nf3 {[%emt 0:03:31]} Be7 {[%emt 0:00:14]} 5. g3 {[%emt 0:01:10]} dxc4 {[%emt 0:03:37]} 6. Bg2 {[%emt 0:00:54]} Nbd7 {[%emt 0:02:45]} 7. Nd2 {[%emt 0:09:36]} Nb6 {[%emt 0:10:22]} 8. Nxc4 {[%emt 0:00:24]} Nxc4 {[%emt 0:00:17]} 9. Qa4+ {[%emt 0:00:09]} c6 {[%emt 0:00:26]} 10. Qxc4 {[%emt 0:00:26]} O-O {[%emt 0:00:34]} 11. O-O {[%emt 0:06:49]} Qa5 {[%emt 0:06:49]} 12. Rb1 {[%emt 0:11:17]} b5 {[%emt 0:07:28]} 13. b4 {[%emt 0:17:18]} bxc4 {[%emt 0:05:25]} 14. bxa5 {[%emt 0:00:02]} Nd5 {[%emt 0:00:24]} 15. Bd2 {[%emt 0:04:22]} Ba6 {[%emt 0:03:48]} 16. e4 {[%emt 0:09:54]} Nb4 {[%emt 0:05:46]} 17. e5 {[%emt 0:04:48]} Rfd8 {[%emt 0:03:57]} 18. Be3 {[%emt 0:01:42]} Rab8 {[%emt 0:03:25]} 19. a3 {[%emt 0:06:03]} Nd5 {[%emt 0:01:52]} 20. Bxd5 {[%emt 0:01:38]} exd5 {[%emt 0:03:58]} 21. Rxb8 {[%emt 0:00:31]} Rxb8 {[%emt 0:00:58]} 22. Rb1 {[%emt 0:00:02]} Rb3 {[%emt 0:04:53]} 23. Rxb3 {[%emt 0:00:19]} cxb3 {[%emt 0:00:07]} 24. Bc1 {[%emt 0:00:09]} Bd8 {[%emt 0:01:04]} 25. Bb2 {[%emt 0:01:31]} Bxa5 {[%emt 0:01:48]} 26. f4 {[%emt 0:03:51]} c5 {[%emt 0:07:38]} 27. Na4 {[%emt 0:10:13]} cxd4 {[%emt 0:01:32]} 28. Bxd4 {[%emt 0:00:45]} Bb5 {[%emt 0:01:18]} 29. Nb2 {[%emt 0:00:26]} h5 {[%emt 0:02:03]} 30. Kf2 {[%emt 0:00:20]} a6 {[%emt 0:02:41]} 31. Ke3 {[%emt 0:00:58]} Kh7 {[%emt 0:04:11]} 32. Bc5 {[%emt 0:02:53]} Kg6 {[%emt 0:01:48]} 33. Kd4 {[%emt 0:00:59]} Bc4 {[%emt 0:00:24]} 34. Bb4 {[%emt 0:03:11]} Bb6+ {[%emt 0:02:58]} 35. Bc5 {[%emt 0:00:19]} Bd8 {[%emt 0:01:49]} 36. Bf8 {[%emt 0:00:48]} Kf5 {[%emt 0:00:53]} 37. Bxg7 {[%emt 0:00:16]} Bb6+ {[%emt 0:01:34]} 38. Kc3 {[%emt 0:00:12]} Ba5+ {[%emt 0:02:54]} 39. Kd4 {[%emt 0:00:02]} Bb6+ {[%emt 0:00:00]} 40. Kc3 {[%emt 0:00:00]} Kg4 {[%emt 0:00:00]} 41. Bf6 {[%emt 0:09:59]} Bc5 {[%emt 0:10:46]} 42. a4 {[%emt 0:02:53]} Ba3 {[%emt 0:06:17]} 43. Bg7 {[%emt 0:12:02]} Kf5 {[%emt 0:00:40]} 44. h3 {[%emt 0:04:19]} a5 {[%emt 0:01:30]} 45. Nd1 {[%emt 0:02:55]} Ke4 {[%emt 0:01:15]} 46. Kd2 {[%emt 0:02:26]} d4 {[%emt 0:01:39]} 47. g4 {[%emt 0:00:19]} hxg4 {[%emt 0:00:17]} 48. hxg4 {[%emt 0:00:01]} b2 {[%emt 0:00:37]} 49. Nxb2 {[%emt 0:00:58]} Bxb2 {[%emt 0:00:05]} 50. f5 {[%emt 0:00:12]} Bb3 {[%emt 0:01:08]} 51. e6 {[%emt 0:01:02]} Bc3+ {[%emt 0:00:16]} 52. Kc1 {[%emt 0:00:34]} fxe6 {[%emt 0:00:06]} 53. fxe6 {[%emt 0:00:27]} Bxe6 {[%emt 0:00:10]} 54. g5 {[%emt 0:00:06]} Kd3 {[%emt 0:00:37]} 55. Bf6 {[%emt 0:00:23]} Bf5 {[%emt 0:00:13]} 56. Kd1 {[%emt 0:00:25]} Kc4 {[%emt 0:00:07]} 57. Be5 {[%emt 0:01:08]} d3 {[%emt 0:00:10]} 58. Bf4 {[%emt 0:00:31]} Kb3 {[%emt 0:00:23]} 59. Bc7 {[%emt 0:00:30]} Bg4+ {[%emt 0:00:07]} 0-1

[Event "XXIX Cracovia 2018"]
[Site "Krakow"]
[Date "2018.12.28"]
[Round "2"]
[White "Kubicka, Anna"]
[Black "Baum, Jonasz"]
[Result "1/2-1/2"]
[WhiteElo "2168"]
[BlackElo "2302"]
[Annotator "NA"]
[PlyCount "77"]
[EventDate "2018.12.27"]
[EventType "swiss"]
[EventCountry "POL"]
[SourceTitle "playchess.com"]
[Source "ChessBase"]
[SourceQuality "1"]
[TimeControl "40/5400+30:1800+30"]

1. e4 {[%emt 0:00:00]} c5 {[%emt 0:00:00]} 2. Nf3 {[%emt 0:00:00]} d6 {[%emt 0:00:00]} 3. d4 {[%emt 0:00:00]} cxd4 {[%emt 0:00:00]} 4. Nxd4 {[%emt 0:00:00]} Nf6 {[%emt 0:00:00]} 5. Nc3 {[%emt 0:00:07]} a6 {[%emt 0:00:00]} 6. Be3 {[%emt 0:00:09]} e6 {[%emt 0:00:00]} 7. f3 {[%emt 0:00:05]} b5 {[%emt 0:00:09]} 8. g4 {[%emt 0:00:00]} h6 {[%emt 0:00:07]} 9. Qd2 {[%emt 0:00:30]} b4 {[%emt 0:00:30]} 10. Nce2 {[%emt 0:00:30]} e5 {[%emt 0:00:30]} 11. Nf5 {[%emt 0:00:30]} d5 {[%emt 0:18:32]} 12. g5 {[%emt 0:16:29]} hxg5 {[%emt 0:04:10]} 13. Bxg5 {[%emt 0:00:50]} Be6 {[%emt 0:05:10]} 14. Neg3 {[%emt 0:10:00]} d4 {[%emt 0:03:40]} 15. f4 {[%emt 0:06:03]} Nc6 {[%emt 0:00:59]} 16. Bg2 {[%emt 0:14:00]} exf4 {[%emt 0:08:38]} 17. Qxf4 {[%emt 0:04:11]} Qa5 {[%emt 0:14:45]} 18. O-O {[%emt 0:03:53]} O-O-O {[%emt 0:03:59]} 19. a3 {[%emt 0:06:35]} bxa3 {[%emt 0:01:17]} 20. bxa3 {[%emt 0:00:24]} Qc5 {[%emt 0:01:04]} 21. Kh1 {[%emt 0:03:18]} Ne5 {[%emt 0:00:07]} 22. h3 {[%emt 0:03:30]} Rd7 {[%emt 0:05:57]} 23. Nxg7 {[%emt 0:09:52]} Bxg7 {[%emt 0:01:34]} 24. Bxf6 {[%emt 0:01:03]} Ng6 {[%emt 0:00:42]} 25. Qg5 {[%emt 0:01:44]} Qxg5 {[%emt 0:00:59]} 26. Bxg5 {[%emt 0:00:02]} d3 {[%emt 0:04:00]} 27. Rac1 {[%emt 0:07:25]} Bb2 {[%emt 0:03:22]} 28. Rb1 {[%emt 0:02:40]} d2 {[%emt 0:01:12]} 29. Rfd1 {[%emt 0:00:49]} Bg4 {[%emt 0:04:20]} 30. Rxd2 {[%emt 0:00:55]} Rxd2 {[%emt 0:03:20]} 31. Bxd2 {[%emt 0:00:09]} Bxa3 {[%emt 0:06:53]} 32. Ra1 {[%emt 0:01:24]} Bd6 {[%emt 0:00:57]} 33. Nf5 {[%emt 0:00:34]} Bb8 {[%emt 0:03:55]} 34. Rxa6 {[%emt 0:01:27]} Bxh3 {[%emt 0:00:11]} 35. Bxh3 {[%emt 0:00:26]} Rxh3+ {[%emt 0:00:08]} 36. Kg1 {[%emt 0:00:10]} Nh4 {[%emt 0:04:38]} 37. Nxh4 {[%emt 0:00:32]} Rxh4 {[%emt 0:00:05]} 38. Rf6 {[%emt 0:01:02]} Rxe4 {[%emt 0:00:13]} 39. Rxf7 {[%emt 0:00:00]} 1/2-1/2

[Event "XXIX Cracovia 2018"]
[Site "Krakow"]
[Date "2018.12.28"]
[Round "2"]
[White "Luba, Lukasz"]
[Black "Lee, Qing Aun"]
[Result "0-1"]
[WhiteElo "2135"]
[BlackElo "2297"]
[Annotator "NA"]
[PlyCount "70"]
[EventDate "2018.12.27"]
[EventType "swiss"]
[EventCountry "POL"]
[SourceTitle "playchess.com"]
[Source "ChessBase"]
[SourceQuality "1"]
[TimeControl "40/5400+30:1800+30"]

1. a3 d5 {[%emt 0:03:41]} 2. d4 {[%emt 0:00:39]} Nf6 {[%emt 0:01:34]} 3. Nf3 {[%emt 0:02:17]} Bf5 {[%emt 0:02:01]} 4. Bf4 {[%emt 0:06:33]} e6 {[%emt 0:00:48]} 5. e3 {[%emt 0:04:52]} Bd6 {[%emt 0:04:54]} 6. Bg3 {[%emt 0:02:49]} O-O {[%emt 0:00:33]} 7. Bd3 {[%emt 0:00:33]} Bg6 {[%emt 0:03:33]} 8. Bxg6 {[%emt 0:00:22]} hxg6 {[%emt 0:00:22]} 9. Nbd2 {[%emt 0:00:29]} Nbd7 {[%emt 0:04:23]} 10. Ne5 {[%emt 0:07:09]} Bxe5 {[%emt 0:03:46]} 11. dxe5 {[%emt 0:00:10]} Nh5 {[%emt 0:00:19]} 12. f4 {[%emt 0:04:02]} f6 {[%emt 0:17:34]} 13. Qg4 {[%emt 0:10:51]} Qe8 {[%emt 0:02:38]} 14. Nf3 {[%emt 0:10:42]} c5 {[%emt 0:02:56]} 15. O-O-O {[%emt 0:00:26]} b5 {[%emt 0:03:07]} 16. Be1 {[%emt 0:03:55]} a5 {[%emt 0:03:29]} 17. Qh3 {[%emt 0:00:12]} fxe5 {[%emt 0:05:24]} 18. fxe5 {[%emt 0:00:07]} Rxf3 {[%emt 0:00:14]} 19. gxf3 {[%emt 0:02:09]} Nxe5 {[%emt 0:00:35]} 20. Rg1 {[%emt 0:06:10]} Ra6 {[%emt 0:09:15]} 21. Rg5 {[%emt 0:10:12]} Nc4 {[%emt 0:00:30]} 22. f4 {[%emt 0:06:07]} b4 {[%emt 0:00:54]} 23. b3 {[%emt 0:01:56]} Nxa3 {[%emt 0:01:37]} 24. Re5 {[%emt 0:02:34]} c4 {[%emt 0:05:20]} 25. Rdxd5 {[%emt 0:03:47]} cxb3 {[%emt 0:06:30]} 26. Rxh5 {[%emt 0:00:20]} gxh5 {[%emt 0:00:07]} 27. Rxh5 {[%emt 0:00:03]} Qg6 {[%emt 0:01:59]} 28. f5 {[%emt 0:00:33]} exf5 {[%emt 0:01:08]} 29. Rh8+ {[%emt 0:00:06]} Kf7 {[%emt 0:00:03]} 30. Qf3 {[%emt 0:00:28]} Rc6 {[%emt 0:00:31]} 31. Kb2 {[%emt 0:08:59]} Rxc2+ {[%emt 0:00:51]} 32. Kxb3 {[%emt 0:00:05]} Qe6+ {[%emt 0:00:06]} 33. Ka4 {[%emt 0:00:07]} Qd7+ {[%emt 0:00:07]} 34. Kb3 {[%emt 0:00:29]} Qd3+ {[%emt 0:00:05]} 35. Ka4 {[%emt 0:00:09]} Qb5+ {[%emt 0:00:05]} 0-1

[Event "XXIX Cracovia 2018"]
[Site "Krakow"]
[Date "2018.12.28"]
[Round "2"]
[White "Zaleski, Lukasz"]
[Black "Roshka, Yevgeniy"]
[Result "1-0"]
[WhiteElo "2116"]
[BlackElo "2293"]
[Annotator "NA"]
[PlyCount "87"]
[EventDate "2018.12.27"]
[EventType "swiss"]
[EventCountry "POL"]
[SourceTitle "playchess.com"]
[Source "ChessBase"]
[SourceQuality "1"]
[TimeControl "40/5400+30:1800+30"]

1. e4 {[%emt 0:00:00]} g6 {[%emt 0:00:00]} 2. d4 {[%emt 0:00:00]} Bg7 {[%emt 0:00:00]} 3. Nc3 {[%emt 0:00:02]} d6 {[%emt 0:00:00]} 4. Be3 a6 5. Qd2 Nd7 6. O-O-O b5 7. Kb1 Bb7 8. f3 Rc8 9. g4 h6 10. h4 Nb6 11. a3 Nf6 12. Nh3 Nfd7 13. f4 c5 14. d5 g5 15. hxg5 hxg5 16. Be2 gxf4 17. Nxf4 Rg8 18. g5 Ne5 19. Bh5 Nbc4 20. Qf2 Qa5 21. g6 fxg6 22. Nxg6 Nxg6 23. Bxg6+ Kd8 24. Qf7 Bxc3 25. Rh7 Bf6 26. e5 Nxe5 27. Qxg8+ Kc7 28. Qe6 Kb8 29. Rxe7 Bxe7 30. Qxe7 Qc7 31. Qe6 Rf8 32. Be4 Nc4 33. Bh6 Bc8 34. Bxf8 Bxe6 35. dxe6 d5 36. Rxd5 Qf4 37. e7 Qxe4 38. Rd8+ Kc7 39. e8=Q Nd2+ 40. Kc1 Qh1+ 41. Kxd2 Qg2+ 42. Kc3 Qg3+ 43. Rd3 Qe1+ 44. Qxe1 1-0

[Event "XXIX Cracovia 2018"]
[Site "Krakow"]
[Date "2018.12.28"]
[Round "2"]
[White "Janus, Przemyslaw"]
[Black "Mielczarek, Daniel"]
[Result "1/2-1/2"]
[WhiteElo "2091"]
[BlackElo "1930"]
[Annotator "NA"]
[PlyCount "50"]
[EventDate "2018.12.27"]
[EventType "swiss"]
[EventCountry "POL"]
[SourceTitle "playchess.com"]
[Source "ChessBase"]
[SourceQuality "1"]
[TimeControl "40/5400+30:1800+30"]

1. d4 {[%emt 0:00:00]} Nf6 {[%emt 0:00:00]} 2. c4 {[%emt 0:00:17]} e6 {[%emt 0:00:00]} 3. Nf3 {[%emt 0:01:49]} b6 {[%emt 0:01:14]} 4. g3 {[%emt 0:03:38]} Bb7 {[%emt 0:01:11]} 5. Bg2 {[%emt 0:00:10]} c5 {[%emt 0:01:04]} 6. dxc5 {[%emt 0:06:24]} Bxc5 {[%emt 0:00:32]} 7. O-O {[%emt 0:00:24]} O-O {[%emt 0:00:54]} 8. Nc3 {[%emt 0:01:10]} Nc6 {[%emt 0:04:46]} 9. Bg5 {[%emt 0:02:46]} Be7 {[%emt 0:02:29]} 10. Qa4 {[%emt 0:05:46]} Na5 {[%emt 0:03:58]} 11. Ne5 {[%emt 0:14:28]} Bxg2 {[%emt 0:07:09]} 12. Kxg2 {[%emt 0:00:08]} Qc7 {[%emt 0:00:31]} 13. Bxf6 {[%emt 0:17:25]} gxf6 {[%emt 0:04:06]} 14. Nf3 {[%emt 0:03:09]} Nxc4 {[%emt 0:16:25]} 15. Nb5 {[%emt 0:04:56]} Qc6 {[%emt 0:00:46]} 16. Rfc1 {[%emt 0:01:00]} a6 {[%emt 0:07:55]} 17. Rxc4 {[%emt 0:11:25]} Qxb5 {[%emt 0:01:00]} 18. Qxb5 {[%emt 0:01:22]} axb5 {[%emt 0:00:08]} 19. Rc7 {[%emt 0:00:08]} Rfd8 {[%emt 0:00:39]} 20. a3 {[%emt 0:01:38]} b4 {[%emt 0:00:45]} 21. a4 {[%emt 0:01:28]} Kf8 {[%emt 0:06:51]} 22. b3 {[%emt 0:03:43]} Bd6 {[%emt 0:08:26]} 23. Rb7 {[%emt 0:01:24]} Rab8 {[%emt 0:00:46]} 24. Rxb8 {[%emt 0:00:42]} Rxb8 {[%emt 0:00:13]} 25. Rc1 {[%emt 0:00:27]} Ke7 {[%emt 0:02:31]} 1/2-1/2

[Event "XXIX Cracovia 2018"]
[Site "Krakow"]
[Date "2018.12.28"]
[Round "2"]
[White "Romashov, Anton"]
[Black "Jeda, Maciej"]
[Result "1-0"]
[WhiteElo "2076"]
[BlackElo "1917"]
[Annotator "NA"]
[PlyCount "63"]
[EventDate "2018.12.27"]
[EventType "swiss"]
[EventCountry "POL"]
[SourceTitle "playchess.com"]
[Source "ChessBase"]
[SourceQuality "1"]
[TimeControl "40/5400+30:1800+30"]

1. d4 {[%emt 0:00:00]} Nf6 {[%emt 0:00:00]} 2. Nf3 {[%emt 0:00:00]} g6 {[%emt 0:00:00]} 3. Bf4 {[%emt 0:00:00]} Bg7 {[%emt 0:00:10]} 4. e3 {[%emt 0:00:25]} O-O {[%emt 0:00:15]} 5. Bd3 {[%emt 0:00:09]} d6 {[%emt 0:01:36]} 6. O-O {[%emt 0:01:26]} Nd5 {[%emt 0:17:53]} 7. Bg5 {[%emt 0:01:26]} Nb4 {[%emt 0:05:47]} 8. Bc4 {[%emt 0:02:11]} d5 {[%emt 0:01:48]} 9. Bb3 {[%emt 0:00:15]} c6 {[%emt 0:09:04]} 10. Qd2 {[%emt 0:02:25]} N4a6 {[%emt 0:01:02]} 11. c4 {[%emt 0:01:17]} Bg4 {[%emt 0:11:37]} 12. cxd5 {[%emt 0:03:21]} Bxf3 13. gxf3 {[%emt 0:00:15]} cxd5 {[%emt 0:05:58]} 14. Nc3 {[%emt 0:05:35]} Nc7 {[%emt 0:00:56]} 15. Rac1 {[%emt 0:00:27]} Nc6 {[%emt 0:01:49]} 16. Na4 {[%emt 0:00:27]} h6 {[%emt 0:06:45]} 17. Bh4 {[%emt 0:01:37]} Na6 {[%emt 0:09:28]} 18. Nc5 {[%emt 0:02:23]} Nxc5 {[%emt 0:01:35]} 19. Rxc5 {[%emt 0:00:31]} g5 {[%emt 0:03:35]} 20. Rxd5 {[%emt 0:02:27]} Qb6 {[%emt 0:00:49]} 21. Bg3 {[%emt 0:00:38]} Rad8 {[%emt 0:01:27]} 22. Rc1 {[%emt 0:03:01]} e6 {[%emt 0:05:35]} 23. Rdc5 {[%emt 0:04:14]} Kh8 {[%emt 0:05:44]} 24. Ba4 {[%emt 0:02:35]} Nxd4 {[%emt 0:06:15]} 25. exd4 {[%emt 0:01:25]} Bxd4 {[%emt 0:00:02]} 26. Rb5 {[%emt 0:02:40]} Qa6 {[%emt 0:00:44]} 27. Rb4 {[%emt 0:00:16]} e5 {[%emt 0:01:20]} 28. Qe1 {[%emt 0:01:10]} Rd5 {[%emt 0:02:01]} 29. Qe4 {[%emt 0:01:27]} Ra5 {[%emt 0:00:26]} 30. Bb3 {[%emt 0:05:04]} f5 {[%emt 0:00:40]} 31. Qxb7 {[%emt 0:00:11]} Qxb7 {[%emt 0:00:35]} 32. Rxb7 {[%emt 0:00:03]} 1-0

[Event "XXIX Cracovia 2018"]
[Site "Krakow"]
[Date "2018.12.28"]
[Round "2"]
[White "Andronescu, Madalin"]
[Black "Seregina, Maria"]
[Result "1-0"]
[WhiteElo "2070"]
[BlackElo "1907"]
[Annotator "NA"]
[PlyCount "79"]
[EventDate "2018.12.27"]
[EventType "swiss"]
[EventCountry "POL"]
[SourceTitle "playchess.com"]
[Source "ChessBase"]
[SourceQuality "1"]
[TimeControl "40/5400+30:1800+30"]

1. e4 g6 2. d4 Bg7 3. c4 Nf6 4. e5 Ng8 5. Nc3 d6 6. Nf3 Nc6 7. exd6 exd6 8. Be2 Nge7 9. d5 Ne5 10. O-O O-O 11. Bf4 Nf5 12. Qd2 h6 13. h3 Bd7 14. Rfe1 Kh7 15. b4 Nh4 16. Nxh4 Qxh4 17. Rac1 f5 18. Bg3 Qg5 19. Qxg5 hxg5 20. f4 gxf4 21. Bxf4 Bf6 22. c5 g5 23. Bd2 g4 24. hxg4 fxg4 25. cxd6 cxd6 26. Ne4 Bd8 27. Be3 Nf7 28. Rf1 Kg8 29. Nf6+ Bxf6 30. Rxf6 Rfe8 31. Rc3 Re5 32. Bxg4 Bxg4 33. Rg6+ Kf8 34. Rxg4 Rae8 35. Bd4 Re1+ 36. Kh2 R1e4 37. Bg7+ Kg8 38. Rgg3 Kh7 39. Bf6 Ne5 40. Rg7+ 1-0

[Event "XXIX Cracovia 2018"]
[Site "Krakow"]
[Date "2018.12.28"]
[Round "2"]
[White "Patsia, Zviad"]
[Black "Shamatava, Nikolozi"]
[Result "1-0"]
[WhiteElo "2058"]
[BlackElo "1866"]
[Annotator "NA"]
[PlyCount "107"]
[EventDate "2018.12.27"]
[EventType "swiss"]
[EventCountry "POL"]
[SourceTitle "playchess.com"]
[Source "ChessBase"]
[SourceQuality "1"]
[TimeControl "40/5400+30:1800+30"]

1. c4 Nf6 2. Nc3 c5 3. g3 Nc6 4. Bg2 e6 5. Nf3 Be7 6. O-O O-O 7. d4 cxd4 8. Nxd4 a6 9. b3 Qc7 10. Bb2 d6 11. Rc1 Nxd4 12. Qxd4 e5 13. Nd5 Nxd5 14. Qxd5 Ra7 15. c5 dxc5 16. Bxe5 Qd7 17. Qxd7 Bxd7 18. Bc7 Bc6 19. Bxc6 bxc6 20. Bb6 Rd7 21. Bxc5 Bxc5 22. Rxc5 Rd2 23. Ra5 Rxe2 24. Rd1 f5 25. Rd4 g5 26. Rd7 f4 27. Rxg5+ Kh8 28. Rgg7 Rf6 29. Rxh7+ Kg8 30. Rhe7 Rxa2 31. Re8+ Rf8 32. Rxf8+ Kxf8 33. gxf4 Rb2 34. Rd3 Kf7 35. Kg2 Ke6 36. Kf3 Rb1 37. Re3+ Kf5 38. Rc3 a5 39. Rc5+ Ke6 40. Rxc6+ Kd5 41. Rc3 Rh1 42. Kg2 Rd1 43. Re3 Kc5 44. h4 Rd8 45. f5 Rf8 46. Rf3 Kd5 47. f6 Rf7 48. Kg3 Ke6 49. Kg4 Kd7 50. Kg5 Ke8 51. Kg6 Rc7 52. Rf5 Kf8 53. Rxa5 Rc8 54. Rh5 1-0